000 00452nam a2200169Ia 4500
005 20250326130616.0
008 250326s9999 xx 000 0 und d
037 _aTextbook
040 _aFMSL
_beng
_cFMSL
041 _aeng
_2eng
084 _aL(X) Q1
_qFMSL
100 _aDevi V R
_9740916
245 0 _aHealth economics
_cDevi V R; Jhan M G
260 _aN
_bN, D Deep & Deep
_c2011
942 _cTB
_hL(X) Q1
999 _c1283299
_d1283299